Neuronové sítě jako modely analogových výpočtů

Gespeichert in:
Bibliographische Detailangaben
1. Verfasser: Šíma, Jiří (Verfasst von)
Format: Manuskript Buch
Sprache:Tschechisch
Veröffentlicht: Praha : Ústav informatiky Akademie věd ČR, 2006
Schlagworte:
Tags: Tag hinzufügen
Keine Tags, Fügen Sie das erste Tag hinzu!

MARC

LEADER 00000ntm a22000003a 4500
001 stu177424
005 20150617230047.0
008 081217s2006----xr------------------cze-d
040 |a STU  |b slo 
041 0 |a cze 
044 |a xr 
100 1 |a Šíma, Jiří  |4 aut 
245 1 |a Neuronové sítě jako modely analogových výpočtů 
260 |a Praha :  |b Ústav informatiky Akademie věd ČR,  |c 2006 
300 |a 328 s 
650 7 |a umelá inteligencia  |2 stusub 
996 |b IDIZP18/08  |c I*DIZP18/08  |l II680  |s A  |a 24  |w stu177424_0001